MARC

LEADER 00000nam0a2200000 4500
001 309485
005 20231102002208.0
035 |a (RuTPU)RU\TPU\book\334807 
090 |a 309485 
100 |a 20151113d1981 k y0rusy50 ca 
101 0 |a rus 
102 |a RU 
105 |a a z 001zy 
200 1 |a Защита от коррозии и консервация химического оборудования  |e сборник научных трудов  |f Проектно-конструкторское и технологическое бюро химического машиностроения ; под ред. Ф. А. Трифонова 
210 |a Пермь  |c Изд-во ПТКБхиммаш  |d 1981 
215 |a 103 с.  |c ил. 
320 |a Библиография в конце статей 
606 1 |a Химические производства  |x Оборудование  |x Защита от коррозии  |2 stltpush  |3 (RuTPU)RU\TPU\subj\31130  |9 54074 
610 1 |a консервация 
610 1 |a химическое оборудование 
610 1 |a нанесение покрытий 
610 1 |a металлы 
610 1 |a подготовка поверхностей 
610 1 |a адгезионная прочность 
610 1 |a полиуретановые покрытия 
610 1 |a гуммирование 
610 1 |a полиуретановые эластомеры 
675 |a 66.02:620.19  |v 4 
702 1 |a Трифонов  |b Ф. А.  |4 340 
712 0 2 |a Проектно-конструкторское и технологическое бюро химического машиностроения  |c (Пермь)  |2 stltpush  |3 (RuTPU)RU\TPU\col\23258  |9 28284 
801 1 |a RU  |b 63413507  |c 20151113 
801 2 |a RU  |b 63413507  |c 20190912  |g RCR 
942 |c BK